00000000nam##2200000za#4500
0019.601409
003CaOODSP
00520210624210047
007cr |||||||||||
008150406|2007||||xxc|||||o    f|0| 0 fre|d
022 |a1919-5117
040 |aCaOODSP|bfre
043 |an-cn---
0861 |aFs70-6/2007-035F-PDF
1101 |aCanada. |bMinistère des pêches et des océans. |bRégion du golfe.
24510|aÉvaluation-cadre du homard (Homarus americanus) des zones de pêche du homard 23, 24, 25, 26A et 26B |h[ressource électronique]
24617|aRégion du Golfe : homard des ZPH 23, 24, 25, 26A et 26B
260 |aDartmouth - Nouvelle-Écosse : |bPêches et Océans Canada. |cAoût 2007.
300 |a14p.|bgraphiques, ill., carte, références, tableaux
4901 |aSecrétariat canadien de consultation scientifique, avis scientifique |x1919-5117|v2007/035, Région du Golfe
590 |a11-20-Supp|b2011-09-29
77508|tFramework and assessment for lobster (Homarus americanus) in the southern Gulf of St. Lawrence lobster fishing areas 23, 24, 25, 26A and 26B |w(CaOODSP)9.570762
830#0|aAvis scientifique (Secrétariat canadien de consultation scientifique)|x1919-5117|v2007/035, Région du Golfe|w(CaOODSP)9.502624
85640|ahttp://publications.gc.ca|qPDF|s151 Ko|uhttps://publications.gc.ca/collections/collection_2011/mpo-dfo/Fs70-6-2007-035-fra.pdf|y2007/035, Région du Golfe